[Event "11. Hogeschool Zeeland Tournament"]
[Site "Vlissingen NED"]
[Date "2007.08.05"]
[Round "2.31"]
[White "Struk, Jerzy"]
[Black "Cheng, Ngo Hin"]
[Result "1-0"]
[WhiteElo "2240"]
[BlackElo "1992"]
[PlyCount "79"]
[EventDate "2007.08.04"]
[EventType "swiss"]
[EventRounds "9"]
[EventCountry "NED"]
[Source "lmi"]
[SourceDate "2007.08.04"]

1. e4 e5 2. Nf3 Nc6 3. Bb5 a6 4. Ba4 Nf6 5. O-O Be7 6. Re1 b5 7. Bb3 O-O 8. h3
d6 9. c3 Na5 10. Bc2 c5 11. d4 Nc6 12. Nbd2 Re8 13. Nf1 h6 14. a4 Rb8 15. Ng3
Nh7 16. axb5 axb5 17. dxc5 dxc5 18. Be3 Rb7 19. Ra8 Qxd1 20. Rxd1 Rd7 21. Nf5
Bf8 22. Rd3 Nf6 23. Nd2 c4 24. Rxd7 Nxd7 25. Nb1 Rd8 26. Na3 Bxa3 27. Rxa3 Nf8
28. Ra8 Bb7 29. Rxd8 Nxd8 30. Bb6 Nde6 31. f3 Nd7 32. Ba5 Kf8 33. Bb4+ Ndc5 34.
b3 Bc6 35. bxc4 bxc4 36. Nd6 f6 37. Nxc4 Ke7 38. Na5 Ba8 39. Bb3 Kd7 40. Bd5
1-0

[Event "11. Hogeschool Zeeland Tournament"]
[Site "Vlissingen NED"]
[Date "2007.08.05"]
[Round "2.33"]
[White "Steenbekkers, Franck"]
[Black "Kossen, Johannes"]
[Result "1/2-1/2"]
[WhiteElo "2228"]
[BlackElo "1985"]
[PlyCount "49"]
[EventDate "2007.08.04"]
[EventType "swiss"]
[EventRounds "9"]
[EventCountry "NED"]
[Source "lmi"]
[SourceDate "2007.08.04"]

1. e4 e5 2. Nf3 Nc6 3. Bb5 Nge7 4. O-O g6 5. d4 exd4 6. Nxd4 Bg7 7. Be3 O-O 8.
Nc3 d5 9. exd5 Nb4 10. Bg5 f6 11. Bh4 Nbxd5 12. Bc4 Kh8 13. Nxd5 Nxd5 14. Re1
c6 15. Ne6 Bxe6 16. Rxe6 Qd7 17. Bxd5 cxd5 18. Qe2 Rae8 19. Re1 Rxe6 20. Qxe6
Qxe6 21. Rxe6 Kg8 22. c3 d4 23. cxd4 Rd8 24. Bg3 Rxd4 25. Rd6 1/2-1/2

[Event "11. Hogeschool Zeeland Tournament"]
[Site "Vlissingen NED"]
[Date "2007.08.05"]
[Round "2.34"]
[White "Van de Wynkele, Eric"]
[Black "Michiels, Rob"]
[Result "0-1"]
[WhiteElo "1998"]
[BlackElo "2226"]
[PlyCount "96"]
[EventDate "2007.08.04"]
[EventType "swiss"]
[EventRounds "9"]
[EventCountry "NED"]
[Source "lmi"]
[SourceDate "2007.08.04"]

1. e4 e5 2. d4 exd4 3. Qxd4 Nc6 4. Qe3 Bb4+ 5. Bd2 Qe7 6. Nc3 Nf6 7. O-O-O O-O
8. f3 Re8 9. Bc4 Na5 10. Bd3 d5 11. Qg5 dxe4 12. Nxe4 Nxe4 13. Bxe4 Nc4 14.
Qxe7 Bxe7 15. Bf4 Bf6 16. b3 Ne5 17. Ne2 c6 18. Rhe1 Ng6 19. Bc7 Nh4 20. Nf4
Bf5 21. Bxf5 Nxf5 22. Nh5 Be7 23. Kb2 g6 24. Nf4 Bf6+ 25. Kb1 Ne3 26. Rd7 Nd5
27. Nd3 Rxe1+ 28. Nxe1 Re8 29. Nd3 Re2 30. f4 Nb4 31. Be5 Nxd3 32. Rxd3 Bxe5
33. fxe5 Rxe5 34. Rd7 Re2 35. Rxb7 Rxg2 36. Rxa7 f5 37. Rc7 f4 38. Rxc6 Kg7 39.
Rc3 Rxh2 40. a4 Rh5 41. b4 Rf5 42. Rf3 g5 43. b5 g4 44. Rf1 g3 45. b6 g2 46.
Rg1 f3 47. b7 Rf8 48. a5 Kf6 0-1

[Event "11. Hogeschool Zeeland Tournament"]
[Site "Vlissingen NED"]
[Date "2007.08.05"]
[Round "2.35"]
[White "Van Der Heijden, Alan"]
[Black "Sinke, Wim"]
[Result "1-0"]
[WhiteElo "2215"]
[BlackElo "1983"]
[PlyCount "62"]
[EventDate "2007.08.04"]
[EventType "swiss"]
[EventRounds "9"]
[EventCountry "NED"]
[Source "lmi"]
[SourceDate "2007.08.04"]

1. c4 Nf6 2. Nc3 e5 3. g3 d5 4. cxd5 Nxd5 5. Bg2 Nxc3 6. bxc3 Bc5 7. Nf3 Nd7 8.
Qa4 O-O 9. d4 exd4 10. cxd4 Nb6 11. Qd1 Bb4+ 12. Bd2 Qd6 13. O-O Bxd2 14. Qxd2
c6 15. e4 f6 16. Qc3 Be6 17. a4 Bc4 18. Rfc1 Ba6 19. Nh4 Qe6 20. a5 Nc8 21. d5
cxd5 22. exd5 Qd7 23. Qc7 Qxc7 24. Rxc7 Nd6 25. Bh3 f5 26. Re1 g5 27. Ree7 Ne8
28. Bxf5 Rxf5 29. Nxf5 Nxc7 30. Rxc7 Re8 31. Nh6+ Kf8 1-0

[Event "11. Hogeschool Zeeland Tournament"]
[Site "Vlissingen NED"]
[Date "2007.08.05"]
[Round "2.41"]
[White "Bollaart, Jeroen"]
[Black "Beeke, Bobby"]
[Result "0-1"]
[WhiteElo "1959"]
[BlackElo "2191"]
[PlyCount "64"]
[EventDate "2007.08.04"]
[EventType "swiss"]
[EventRounds "9"]
[EventCountry "NED"]
[Source "lmi"]
[SourceDate "2007.08.04"]

1. d4 Nf6 2. c4 g6 3. Nc3 d5 4. Qb3 dxc4 5. Qxc4 Bg7 6. Bf4 c6 7. Nf3 Be6 8.
Qd3 Nh5 9. Bd2 Na6 10. a3 O-O 11. e4 Bg4 12. Ne5 Be6 13. Nf3 c5 14. d5 Bg4 15.
h3 Bxf3 16. Qxf3 Nc7 17. Rd1 f5 18. Bc4 Qd6 19. O-O b5 20. Nxb5 Nxb5 21. Bxb5
Rab8 22. Bc4 Rxb2 23. exf5 Rxf5 24. Qd3 Nf4 25. Qe4 Kh8 26. Be3 Rb8 27. Rfe1
Rbf8 28. Qc2 Rg5 29. Bxf4 Qxf4 30. Re4 Qf3 31. g3 Bd4 32. Re2 Rxg3+ 0-1

[Event "11. Hogeschool Zeeland Tournament"]
[Site "Vlissingen NED"]
[Date "2007.08.05"]
[Round "2.42"]
[White "Sprangers, Remco"]
[Black "Roggeveen, Wouter"]
[Result "1-0"]
[WhiteElo "2191"]
[BlackElo "1941"]
[PlyCount "61"]
[EventDate "2007.08.04"]
[EventType "swiss"]
[EventRounds "9"]
[EventCountry "NED"]
[Source "lmi"]
[SourceDate "2007.08.04"]

1. e4 e5 2. d4 Nc6 3. dxe5 Nxe5 4. f4 Nc6 5. Nf3 Bc5 6. Bc4 d6 7. Qe2 Bg4 8.
Be3 Bxf3 9. Qxf3 Nd4 10. Bxd4 Bxd4 11. Qb3 Nh6 12. Bxf7+ Nxf7 13. Qa4+ Qd7 14.
Qxd4 O-O 15. Nc3 Qg4 16. O-O Kh8 17. Rf3 Ne5 18. Rf2 Rxf4 19. Rxf4 Qxf4 20. Rf1
Qg5 21. Nd5 c5 22. Qf2 h6 23. Nc7 Rc8 24. Nb5 Nc4 25. b3 a6 26. Na7 Rg8 27.
bxc4 Qd8 28. e5 Qb6 29. e6 Qxa7 30. e7 Qb8 31. Qf8 1-0

[Event "11. Hogeschool Zeeland Tournament"]
[Site "Vlissingen NED"]
[Date "2007.08.05"]
[Round "2.44"]
[White "Wee, Chu En Kelvin"]
[Black "Go, Benjamin"]
[Result "0-1"]
[WhiteElo "1930"]
[BlackElo "2180"]
[PlyCount "54"]
[EventDate "2007.08.04"]
[EventType "swiss"]
[EventRounds "9"]
[EventCountry "NED"]
[Source "lmi"]
[SourceDate "2007.08.04"]

1. e4 e5 2. Nf3 Nc6 3. Bb5 a6 4. Ba4 Nf6 5. O-O Nxe4 6. d4 b5 7. Bb3 d5 8. Nxe5
Nxe5 9. dxe5 Bb7 10. c3 Bc5 11. Nd2 Qe7 12. Nxe4 dxe4 13. Bf4 O-O 14. Qe2 Rad8
15. Rad1 Bb6 16. a4 bxa4 17. Bxa4 Qe6 18. Bc2 Bc6 19. Qxa6 e3 20. fxe3 Qg4 21.
Bg3 h5 22. Bf5 Bxe3+ 23. Kh1 Qxd1 24. Be1 Qd5 25. Qe2 g6 26. e6 fxe6 27. Bxg6
Qxg2+ 0-1

[Event "11. Hogeschool Zeeland Tournament"]
[Site "Vlissingen NED"]
[Date "2007.08.05"]
[Round "2.45"]
[White "Sijpkens, Michiel"]
[Black "Kuijpers, Jos"]
[Result "1-0"]
[WhiteElo "2174"]
[BlackElo "1927"]
[PlyCount "87"]
[EventDate "2007.08.04"]
[EventType "swiss"]
[EventRounds "9"]
[EventCountry "NED"]
[Source "lmi"]
[SourceDate "2007.08.04"]

1. e4 b6 2. d4 Bb7 3. Bd3 e6 4. Qd2 Nc6 5. c3 d5 6. e5 Be7 7. Nf3 Qd7 8. h4 h5
9. Ng5 Bxg5 10. hxg5 g6 11. g4 h4 12. f4 Nge7 13. Qf2 O-O-O 14. Rxh4 Rxh4 15.
Qxh4 Rg8 16. Nd2 Qe8 17. Nf1 Rh8 18. Qf2 Rh3 19. Be3 Na5 20. b3 Nac6 21. O-O-O
Qh8 22. Rd2 Nb8 23. Qg1 Ba6 24. Bxa6+ Nxa6 25. Rh2 Qh4 26. Bf2 Qh8 27. Kc2 c6
28. Qh1 Rxh2 29. Qxh2 Qxh2 30. Nxh2 c5 31. Kd3 cxd4 32. Bxd4 Nc5+ 33. Bxc5 bxc5
34. Nf3 a5 35. Nd2 Nc6 36. Nb1 Kc7 37. a4 d4 38. Kc4 Kb6 39. Nd2 dxc3 40. Kxc3
Nd4 41. Nc4+ Ka6 42. Nd6 Ne2+ 43. Kc4 Nxf4 44. Kxc5 1-0

[Event "11. Hogeschool Zeeland Tournament"]
[Site "Vlissingen NED"]
[Date "2007.08.05"]
[Round "2.46"]
[White "Van Der Grinten, Bas"]
[Black "Hekhuis, Jeroen"]
[Result "0-1"]
[WhiteElo "1904"]
[BlackElo "2163"]
[PlyCount "78"]
[EventDate "2007.08.04"]
[EventType "swiss"]
[EventRounds "9"]
[EventCountry "NED"]
[Source "lmi"]
[SourceDate "2007.08.04"]

1. e4 c5 2. Nf3 d6 3. d4 cxd4 4. Nxd4 Nf6 5. Nc3 g6 6. Be3 Bg7 7. f3 O-O 8. Qd2
Nc6 9. g4 Nxd4 10. Bxd4 Be6 11. O-O-O Qa5 12. Kb1 Rfc8 13. Nd5 Qxd2 14. Nxf6+
Bxf6 15. Rxd2 Bg5 16. Rd3 b5 17. b3 b4 18. Be3 Bh4 19. Rg1 a5 20. f4 a4 21. f5
axb3 22. cxb3 Bd7 23. e5 Bc6 24. Rd4 Be1 25. e6 Bc3 26. exf7+ Kxf7 27. fxg6+
hxg6 28. Rf4+ Kg7 29. Bd4+ e5 30. Bxc3 bxc3 31. Rb4 c2+ 32. Kxc2 Be4+ 33. Kd2
Rxa2+ 34. Ke3 d5 35. Rb7+ Kh8 36. Bc4 Rxh2 37. Rg3 Bc2 38. Be2 Rc3+ 39. Kd2
Rxg3 0-1

[Event "11. Hogeschool Zeeland Tournament"]
[Site "Vlissingen NED"]
[Date "2007.08.05"]
[Round "2.47"]
[White "De Wolf, Johan"]
[Black "Hahnen, Elke"]
[Result "1-0"]
[WhiteElo "2162"]
[BlackElo "1908"]
[PlyCount "59"]
[EventDate "2007.08.04"]
[EventType "swiss"]
[EventRounds "9"]
[EventCountry "NED"]
[Source "lmi"]
[SourceDate "2007.08.04"]

1. d4 d5 2. Nf3 e6 3. c4 c6 4. g3 Bd6 5. Bg2 Nd7 6. O-O f5 7. b3 Qe7 8. Nbd2
Ngf6 9. Bb2 O-O 10. e3 g6 11. Ne1 Ng4 12. e4 dxe4 13. Nxe4 Bc7 14. Nd2 Ndf6 15.
Nd3 h5 16. Nf3 Bd7 17. Qc1 Qg7 18. Nc5 Bc8 19. Ng5 Re8 20. Re1 e5 21. h3 Nxf2
22. Kxf2 e4 23. d5 cxd5 24. cxd5 Bb6 25. b4 a5 26. a3 Qe7 27. Qc3 axb4 28. axb4
Rxa1 29. Bxa1 Bxc5+ 30. bxc5 1-0

[Event "11. Hogeschool Zeeland Tournament"]
[Site "Vlissingen NED"]
[Date "2007.08.05"]
[Round "3.2"]
[White "Doggers, Peter"]
[Black "Krasenkow, Michal"]
[Result "0-1"]
[WhiteElo "2233"]
[BlackElo "2660"]
[PlyCount "52"]
[EventDate "2007.08.04"]
[EventType "swiss"]
[EventRounds "9"]
[EventCountry "NED"]
[Source "lmi"]
[SourceDate "2007.08.04"]

1. e4 g6 2. d4 Bg7 3. Nc3 c6 4. Nf3 d6 5. Be3 Nf6 6. Qd2 Bg4 7. h3 Bxf3 8. gxf3
d5 9. O-O-O e6 10. Kb1 Nbd7 11. h4 Nb6 12. Bd3 Qd7 13. Ne2 Nh5 14. c3 O-O-O 15.
Ng3 Nxg3 16. fxg3 h5 17. Bf4 dxe4 18. fxe4 e5 19. Bxe5 Bxe5 20. dxe5 Qe7 21.
Rhf1 Nc4 22. Qf2 Nxe5 23. Qxa7 Nxd3 24. Rxd3 Rxd3 25. Qa8+ Kc7 26. Qxh8 Qxe4
0-1

[Event "11. Hogeschool Zeeland Tournament"]
[Site "Vlissingen NED"]
[Date "2007.08.05"]
[Round "3.3"]
[White "Tiviakov, Sergei"]
[Black "Miedema, Roi"]
[Result "1-0"]
[WhiteElo "2648"]
[BlackElo "2271"]
[PlyCount "45"]
[EventDate "2007.08.04"]
[EventType "swiss"]
[EventRounds "9"]
[EventCountry "NED"]
[Source "lmi"]
[SourceDate "2007.08.04"]

1. e4 e5 2. Bc4 Nf6 3. d3 c6 4. Nf3 d5 5. Bb3 Bg4 6. h3 Bxf3 7. Qxf3 dxe4 8.
dxe4 Nbd7 9. c3 Be7 10. Nd2 O-O 11. O-O b5 12. Re1 Nb6 13. Nf1 c5 14. Ng3 c4
15. Bc2 g6 16. Bh6 Re8 17. Nf5 gxf5 18. Qg3+ Ng4 19. exf5 Kh8 20. hxg4 Bf6 21.
Rad1 Qc7 22. g5 Rg8 23. Qh4 1-0

[Event "11. Hogeschool Zeeland Tournament"]
[Site "Vlissingen NED"]
[Date "2007.08.05"]
[Round "3.4"]
[White "Michiels, Rob"]
[Black "Stellwagen, Daniel"]
[Result "0-1"]
[WhiteElo "2226"]
[BlackElo "2631"]
[PlyCount "60"]
[EventDate "2007.08.04"]
[EventType "swiss"]
[EventRounds "9"]
[EventCountry "NED"]
[Source "lmi"]
[SourceDate "2007.08.04"]

1. e4 c5 2. Nf3 e6 3. c3 Nf6 4. e5 Nd5 5. d4 cxd4 6. Qxd4 Nc6 7. Qe4 f5 8. exf6
Nxf6 9. Qh4 Qc7 10. Bg5 Be7 11. Nbd2 d5 12. Bd3 e5 13. Bg6+ Kf8 14. O-O e4 15.
Nd4 Kg8 16. Bh5 Nxd4 17. cxd4 h6 18. Rac1 hxg5 19. Bf7+ Kxf7 20. Qxh8 Qd7 21.
h4 g4 22. h5 Bf8 23. f3 e3 24. Nb3 e2 25. Rf2 gxf3 26. Rxf3 Qe7 27. Re1 Bg4 28.
Rf2 Qb4 29. Rexe2 Bxe2 30. Rxe2 Re8 0-1

[Event "11. Hogeschool Zeeland Tournament"]
[Site "Vlissingen NED"]
[Date "2007.08.05"]
[Round "3.5"]
[White "Flores, Diego"]
[Black "Struk, Jerzy"]
[Result "1-0"]
[WhiteElo "2560"]
[BlackElo "2240"]
[PlyCount "49"]
[EventDate "2007.08.04"]
[EventType "swiss"]
[EventRounds "9"]
[EventCountry "NED"]
[Source "lmi"]
[SourceDate "2007.08.04"]

1. c4 e6 2. Nc3 d5 3. d4 Be7 4. cxd5 exd5 5. Bf4 Nf6 6. e3 O-O 7. Bd3 c5 8.
Nge2 Nc6 9. O-O Bg4 10. dxc5 Bxc5 11. Rc1 Be7 12. h3 Be6 13. a3 a6 14. Bb1 Qb6
15. Na4 Qa7 16. Bg5 Rac8 17. Nf4 Rfd8 18. Bxf6 Bxf6 19. Nc5 Re8 20. Ncxe6 fxe6
21. Qh5 g6 22. Bxg6 hxg6 23. Qxg6+ Bg7 24. Nxe6 Re7 25. Nxg7 1-0

[Event "11. Hogeschool Zeeland Tournament"]
[Site "Vlissingen NED"]
[Date "2007.08.05"]
[Round "3.6"]
[White "Muter, Donny"]
[Black "Ikonnikov, Vyacheslav"]
[Result "0-1"]
[WhiteElo "2212"]
[BlackElo "2558"]
[PlyCount "52"]
[EventDate "2007.08.04"]
[EventType "swiss"]
[EventRounds "9"]
[EventCountry "NED"]
[Source "lmi"]
[SourceDate "2007.08.04"]

1. d4 Nf6 2. Nf3 e6 3. Bg5 h6 4. Bh4 b6 5. Nbd2 Bb7 6. e3 d6 7. Bd3 g5 8. Bg3
g4 9. Nh4 Rg8 10. h3 Nh5 11. hxg4 Nxg3 12. fxg3 Qg5 13. Qe2 Nd7 14. Nhf3 Qxg4
15. Rh3 O-O-O 16. Ba6 d5 17. Bxb7+ Kxb7 18. Ng1 Qg6 19. O-O-O Bd6 20. Qf3 Bxg3
21. Ne2 Bd6 22. Nf4 Qg4 23. Rxh6 Bxf4 24. exf4 Qxg2 25. Qh5 Rdf8 26. f5 Rg5 0-1

[Event "11. Hogeschool Zeeland Tournament"]
[Site "Vlissingen NED"]
[Date "2007.08.05"]
[Round "3.8"]
[White "Tiggelman, Rene"]
[Black "Peralta, Fernando"]
[Result "0-1"]
[WhiteElo "2210"]
[BlackElo "2546"]
[PlyCount "36"]
[EventDate "2007.08.04"]
[EventType "swiss"]
[EventRounds "9"]
[EventCountry "NED"]
[Source "lmi"]
[SourceDate "2007.08.04"]

1. Nf3 d5 2. d4 Nf6 3. c4 c6 4. Qb3 dxc4 5. Qxc4 Bf5 6. g3 e6 7. Bg2 Nbd7 8.
O-O Be7 9. Nc3 O-O 10. Rd1 Bc2 11. e3 Bxd1 12. Nxd1 c5 13. Nc3 Rc8 14. Qa4 a6
15. Ne5 Rc7 16. Bxb7 Rxb7 17. Nc6 Qe8 18. Qxa6 Rb6 0-1

[Event "11. Hogeschool Zeeland Tournament"]
[Site "Vlissingen NED"]
[Date "2007.08.05"]
[Round "3.10"]
[White "Beeke, Bobby"]
[Black "Appel, Ralf"]
[Result "0-1"]
[WhiteElo "2191"]
[BlackElo "2512"]
[PlyCount "44"]
[EventDate "2007.08.04"]
[EventType "swiss"]
[EventRounds "9"]
[EventCountry "NED"]
[Source "lmi"]
[SourceDate "2007.08.04"]

1. Nf3 d5 2. d4 Nf6 3. c4 c6 4. Qc2 g6 5. Bf4 Bg7 6. cxd5 cxd5 7. Bxb8 Rxb8 8.
Qa4+ Bd7 9. Qxa7 Ra8 10. Qxb7 O-O 11. Qb4 Qc7 12. Qc3 Qa7 13. e3 Rfc8 14. Qd2
Ne4 15. Qd1 Ba4 16. b3 Bxb3 17. Qxb3 Rc1+ 18. Ke2 Rb8 19. Qd3 Rb2+ 20. Nfd2
Nxd2 21. Qxd2 Rxd2+ 22. Kxd2 Qc7 0-1

[Event "11. Hogeschool Zeeland Tournament"]
[Site "Vlissingen NED"]
[Date "2007.08.05"]
[Round "3.12"]
[White "Beuman, Thomas"]
[Black "Zaragatski, Ilja"]
[Result "0-1"]
[WhiteElo "2185"]
[BlackElo "2480"]
[PlyCount "60"]
[EventDate "2007.08.04"]
[EventType "swiss"]
[EventRounds "9"]
[EventCountry "NED"]
[Source "lmi"]
[SourceDate "2007.08.04"]

1. e4 e6 2. d3 d5 3. Nd2 Nf6 4. Ngf3 Nc6 5. e5 Nd7 6. d4 f6 7. exf6 Qxf6 8. Nb3
e5 9. dxe5 Ndxe5 10. Nxe5 Qxe5+ 11. Qe2 Bd6 12. c3 Bg4 13. f3 Bf5 14. Nd4 Nxd4
15. cxd4 Qxe2+ 16. Bxe2 O-O 17. Kf2 c5 18. Rd1 c4 19. Bg5 Rae8 20. Bf1 b5 21.
a3 a5 22. Bh4 Bf4 23. Re1 Bd2 24. Re2 Rxe2+ 25. Bxe2 Re8 26. Kf1 b4 27. axb4
axb4 28. Rd1 Bf4 29. Be1 Rb8 30. Ra1 c3 0-1

[Event "11. Hogeschool Zeeland Tournament"]
[Site "Vlissingen NED"]
[Date "2007.08.05"]
[Round "3.13"]
[White "Barua, Dibyendu"]
[Black "Sijpkens, Michiel"]
[Result "1-0"]
[WhiteElo "2462"]
[BlackElo "2174"]
[PlyCount "81"]
[EventDate "2007.08.04"]
[EventType "swiss"]
[EventRounds "9"]
[EventCountry "NED"]
[Source "lmi"]
[SourceDate "2007.08.04"]

1. e4 e5 2. Bc4 Nf6 3. d3 Bc5 4. Nf3 d6 5. c3 Nc6 6. Bb3 h6 7. O-O O-O 8. h3
Bb6 9. Re1 Nh5 10. Nbd2 Nf4 11. Nc4 Qf6 12. Nxb6 axb6 13. Nh2 Kh8 14. Qf3 g5
15. Bd1 Qg6 16. g4 Ne6 17. Nf1 Ne7 18. Ng3 Rd8 19. Kh2 c5 20. Rh1 Nf4 21. Kg1
f6 22. h4 Qh7 23. hxg5 fxg5 24. Nf5 Bxf5 25. gxf5 d5 26. Bxf4 gxf4 27. Qh3 Rd6
28. Bf3 d4 29. cxd4 cxd4 30. Kh2 Rc6 31. Bd1 h5 32. Bb3 Ng8 33. Rhg1 Nf6 34. f3
h4 35. Rg6 Nh5 36. Rg4 Rh6 37. Rxh4 Kg7 38. Rg1+ Kf6 39. Rg6+ Rxg6 40. fxg6
Kxg6 41. Rxh5 1-0

[Event "11. Hogeschool Zeeland Tournament"]
[Site "Vlissingen NED"]
[Date "2007.08.05"]
[Round "3.14"]
[White "Go, Benjamin"]
[Black "Delemarre, Jop"]
[Result "1-0"]
[WhiteElo "2180"]
[BlackElo "2457"]
[PlyCount "64"]
[EventDate "2007.08.04"]
[EventType "swiss"]
[EventRounds "9"]
[EventCountry "NED"]
[Source "lmi"]
[SourceDate "2007.08.04"]

1. e4 e6 2. d4 d5 3. Be3 dxe4 4. Nd2 Nf6 5. f3 Nd5 6. Qe2 c5 7. dxc5 Nxe3 8.
Qxe3 Qa5 9. c3 Bxc5 10. Qxe4 Be7 11. Ne2 Nd7 12. Nd4 a6 13. O-O-O Nf6 14. Qe1
Qxa2 15. Bc4 Qa1+ 16. Kc2 Qa5 17. g4 Bd7 18. Kb1 Rc8 19. Bb3 O-O 20. Nc4 Qc7
21. Ne5 Be8 22. g5 Nd7 23. f4 Nxe5 24. fxe5 Bxg5 25. Rg1 Bf4 26. Nxe6 fxe6 27.
Bxe6+ Kh8 28. Bxc8 Qxc8 29. e6 g5 30. Rxg5 Bxg5 31. Qe5+ Bf6 32. e7 Bg6+ 1-0

[Event "11. Hogeschool Zeeland Tournament"]
[Site "Vlissingen NED"]
[Date "2007.08.05"]
[Round "3.15"]
[White "Sengupta, Deep"]
[Black "De Wolf, Johan"]
[Result "1-0"]
[WhiteElo "2435"]
[BlackElo "2162"]
[PlyCount "207"]
[EventDate "2007.08.04"]
[EventType "swiss"]
[EventRounds "9"]
[EventCountry "NED"]
[Source "lmi"]
[SourceDate "2007.08.04"]

1. e4 d5 2. Nc3 dxe4 3. Nxe4 Nd7 4. Bc4 e6 5. d4 Ngf6 6. Ng5 Nb6 7. Bd3 c5 8.
dxc5 Bxc5 9. Qe2 Nbd5 10. Bd2 Qc7 11. O-O-O a6 12. g3 h6 13. Ne4 Nxe4 14. Bxe4
Nf6 15. Bg2 Bd7 16. Bc3 O-O-O 17. Nh3 Bb5 18. Qe5 Bd6 19. Qe1 Be7 20. Rxd8+
Rxd8 21. Ba5 b6 22. Bc3 Bc6 23. Qf1 Bb5 24. Qe1 Bc6 25. Nf4 Bxg2 26. Nxg2 Qc6
27. Qf1 Kb7 28. Ne3 b5 29. f3 g6 30. Qe2 Nd5 31. Nxd5 Qxd5 32. Qe4 Bg5+ 33. Kb1
h5 34. a3 Kc8 35. Rf1 Rd7 36. Qb4 Be7 37. Qf4 Bg5 38. Qe4 Bd8 39. Qe3 Kb7 40.
h3 Bb6 41. Qe2 Bc5 42. g4 Be7 43. Qe4 hxg4 44. Qxd5+ Rxd5 45. fxg4 f5 46. Re1
Bh4 47. Rxe6 Rd1+ 48. Ka2 f4 49. Bb4 g5 50. Rf6 Rh1 51. Rf5 Rxh3 52. Be7 f3 53.
Bxg5 Be1 54. Be3 Rg3 55. g5 f2 56. Bxf2 Bxf2 57. Rxf2 Rxg5 58. Rf6 Rg2 59. Kb3
Rg4 60. Rh6 Rf4 61. Rd6 Rg4 62. Kc3 Rh4 63. Rd4 Rh2 64. Kb3 Kc6 65. Rf4 Rg2 66.
Rf6+ Kb7 67. c3 Rh2 68. a4 bxa4+ 69. Ka3 Rg2 70. Rf4 Kb6 71. Rxa4 Rh2 72. Rg4
Rh6 73. Rg5 Rf6 74. Kb4 Re6 75. c4 Rh6 76. b3 Rf6 77. Rd5 Kb7 78. Ka5 Rf3 79.
Ka4 Rf7 80. Re5 Rg7 81. Kb4 Rh7 82. Kc5 Rc7+ 83. Kd4 Rh7 84. Kd5 Rd7+ 85. Kc5
Rc7+ 86. Kd6 Rc6+ 87. Kd5 Rh6 88. Re7+ Kb6 89. c5+ Kb5 90. Rb7+ Ka5 91. b4+ Ka4
92. c6 Rh5+ 93. Kd6 Rh6+ 94. Kc5 Rh5+ 95. Kb6 Rh6 96. Kc5 Rh5+ 97. Kd6 Rh6+ 98.
Kc7 Rh7+ 99. Kb8 Rh8+ 100. Ka7 Rc8 101. Rb6 a5 102. bxa5 Kxa5 103. Kb7 Rh8 104.
Rb1 1-0

[Event "11. Hogeschool Zeeland Tournament"]
[Site "Vlissingen NED"]
[Date "2007.08.05"]
[Round "3.16"]
[White "Hekhuis, Jeroen"]
[Black "Van Riemsdijk, Herman C"]
[Result "1/2-1/2"]
[WhiteElo "2163"]
[BlackElo "2420"]
[PlyCount "79"]
[EventDate "2007.08.04"]
[EventType "swiss"]
[EventRounds "9"]
[EventCountry "NED"]
[Source "lmi"]
[SourceDate "2007.08.04"]

1. Nf3 d5 2. d4 Nf6 3. c4 e6 4. Nc3 Bb4 5. e3 O-O 6. Bd3 c5 7. O-O Nc6 8. a3
Bxc3 9. bxc3 Qc7 10. cxd5 exd5 11. h3 Re8 12. Bb5 Ne4 13. Qc2 Bf5 14. Nh4 Bd7
15. c4 dxc4 16. Bxc4 cxd4 17. exd4 Rac8 18. Qd1 Qd6 19. Be3 Ne7 20. Qb3 Qf6 21.
Nf3 b5 22. Bd3 Ng6 23. Rac1 a6 24. Rxc8 Bxc8 25. Qd5 Nc3 26. Qb3 Na4 27. Bxb5
axb5 28. Qxb5 Rf8 29. Qxa4 Bb7 30. Ne5 Nxe5 31. dxe5 Qxe5 32. Qg4 h5 33. Qg5
Qxg5 34. Bxg5 Ra8 35. Be7 Bc6 36. Rc1 Ra6 37. Rc5 g6 38. Bf6 Bd7 39. Bd4 Kf8
40. Rc3 1/2-1/2

[Event "11. Hogeschool Zeeland Tournament"]
[Site "Vlissingen NED"]
[Date "2007.08.05"]
[Round "3.17"]
[White "Van Haastert, Edwin"]
[Black "Van Weersel, Arlette"]
[Result "1-0"]
[WhiteElo "2408"]
[BlackElo "2158"]
[PlyCount "85"]
[EventDate "2007.08.04"]
[EventType "swiss"]
[EventRounds "9"]
[EventCountry "NED"]
[Source "lmi"]
[SourceDate "2007.08.04"]

1. Nf3 d5 2. d4 Nf6 3. c4 e6 4. Bg5 Be7 5. Nbd2 h6 6. Bxf6 Bxf6 7. e4 O-O 8. e5
Be7 9. Bd3 dxc4 10. Bb1 c5 11. Qc2 g6 12. dxc5 Na6 13. O-O Nxc5 14. Nxc4 Qc7
15. h4 h5 16. Rc1 Na6 17. Qd2 Kg7 18. Ng5 Qd8 19. Nd6 Bxd6 20. exd6 Bd7 21.
Qd4+ Qf6 22. Qxf6+ Kxf6 23. Nh7+ Ke5 24. Nxf8 Rxf8 25. Rd1 Rc8 26. a4 Bc6 27.
f4+ Kf6 28. Bd3 Nb4 29. Bb5 Bd5 30. Rac1 Rd8 31. Rc7 a6 32. Be2 Bc6 33. Bf3 Nd5
34. Bxd5 Bxd5 35. a5 Rxd6 36. Rxb7 Kf5 37. Rxf7+ Ke4 38. Re1+ Kd3 39. Rf6 Rc6
40. Rxg6 Kd2 41. Kf2 Rc5 42. Rg5 Rxa5 43. Rxe6 1-0

[Event "11. Hogeschool Zeeland Tournament"]
[Site "Vlissingen NED"]
[Date "2007.08.05"]
[Round "3.18"]
[White "In 't Veld, Daan"]
[Black "Leenhouts, Koen"]
[Result "0-1"]
[WhiteElo "2161"]
[BlackElo "2395"]
[PlyCount "60"]
[EventDate "2007.08.04"]
[EventType "swiss"]
[EventRounds "9"]
[EventCountry "NED"]
[Source "lmi"]
[SourceDate "2007.08.04"]

1. e4 g6 2. d4 Bg7 3. Nc3 c6 4. Bc4 d6 5. Qf3 e6 6. d5 cxd5 7. exd5 e5 8. Nge2
f5 9. O-O Nf6 10. Bb5+ Nbd7 11. Qh3 O-O 12. Bh6 Nb6 13. Bxg7 Kxg7 14. Qd3 a6
15. Ba4 Nxa4 16. Nxa4 b5 17. Nac3 Bb7 18. b4 Rc8 19. a4 bxa4 20. Rxa4 Rf7 21.
Rb1 Rfc7 22. b5 a5 23. b6 Rc5 24. Ra2 Nxd5 25. Na4 Rc4 26. c3 Qd7 27. Nb2 Rxc3
28. Nxc3 Nxc3 29. Raa1 Nxb1 30. Nc4 Qc6 0-1

[Event "11. Hogeschool Zeeland Tournament"]
[Site "Vlissingen NED"]
[Date "2007.08.05"]
[Round "3.19"]
[White "Grooten, Herman"]
[Black "Van Gool, Henk"]
[Result "1-0"]
[WhiteElo "2370"]
[BlackElo "2149"]
[PlyCount "73"]
[EventDate "2007.08.04"]
[EventType "swiss"]
[EventRounds "9"]
[EventCountry "NED"]
[Source "lmi"]
[SourceDate "2007.08.04"]

1. d4 Nf6 2. c4 e6 3. Nf3 d5 4. Nc3 Nbd7 5. cxd5 exd5 6. Bg5 Be7 7. e3 c6 8.
Qc2 O-O 9. Bd3 Re8 10. O-O-O Nf8 11. Kb1 Bg4 12. h3 Bh5 13. g4 Bg6 14. Bf5 Ne4
15. Bf4 Qa5 16. Nxe4 Bxf5 17. Nf6+ Bxf6 18. gxf5 Rac8 19. Rhg1 Nd7 20. Bd6 Qd8
21. Rg4 c5 22. dxc5 Nxc5 23. Bxc5 b6 24. Nd4 bxc5 25. Nb5 Re7 26. e4 Qa5 27.
Nd6 Rb8 28. b3 c4 29. Rxd5 Qe1+ 30. Qc1 Qxc1+ 31. Kxc1 cxb3 32. axb3 Rxb3 33.
Nc4 Rc3+ 34. Kd2 h5 35. e5 Rf3 36. exf6 Rxf2+ 37. Kd3 1-0